EA Sports FC 26 Top 26 Players - Statistics

General Stats
  • This quiz has been taken 5,505 times
    1,131 since last reset
  • The average score is 24 of 26
Answer Stats
# Player Club Nation OVR Position % Correct
2 Kylian Mbappé 91 ST
99%
1 Mohamed Salah 91 RM
99%
7 Erling Haaland 90 ST
98%
3 Ousmane Dembélé 90 ST
97%
4 Rodri 90 CDM
97%
5 Virgil van Dijk 90 CB
97%
12 Gianluigi Donnarumma 89 GK
95%
10 Lamine Yamal 89 RM
95%
9 Achraf Hakimi 89 RB
94%
6 Jude Bellingham 90 CAM
94%
23 Alexander Isak Sweden 88 ST
93%
15 Alisson Becker 89 GK
93%
16 Harry Kane 89 ST
93%
13 Pedri 89 CM
93%
8 Raphinha 89 LM
93%
22 Lautaro Martínez Argentina 88 ST
92%
18 Vinícius Júnior 89 LW
92%
19 Florian Wirtz 89 CAM
90%
21 Robert Lewandowski 88 ST
90%
20 Thibaut Courtois 89 GK
90%
11 Vitinha 89 CM
90%
14 Joshua Kimmich 89 CDM
87%
26 Bukayo Saka 88 RW
86%
17 Federico Valverde 89 CM
86%
24 Jamal Musiala 88 CAM
85%
25 Gabriel Magalhães 88 CB
82%
No matching quizzes found
Score Distribution
Percent of People with Each Score
Percentile by Number Answered
Your Score History
You have not taken this quiz since the last reset